| 000 | 00775nam a22002177a 4500 | ||
|---|---|---|---|
| 003 | OSt | ||
| 005 | 20260317031356.0 | ||
| 008 | 260317b |||||||| |||| 00| 0 eng d | ||
| 020 | _a0-679-85091-0 | ||
| 040 |
_aDWCL GS lib _cOC |
||
| 082 | _aS848k 1994 | ||
| 100 | _aStevenson, Robert Louis | ||
| 245 |
_aKidnapped _cRobert Louis Stevenson |
||
| 260 |
_aNew York _bRandom House _c1994 |
||
| 300 |
_a102 p _c19 cm |
||
| 520 | _aan adventure novel following 17-year-old David Balfour, who is cheated out of his inheritance and kidnapped by his miserly uncle Ebenezer to be sold into slavery. | ||
| 650 | _aThe story is set in 18th-century Scotland | ||
| 650 | _athe power of loyalty, the strength of friendship | ||
| 700 | _aRobert Louis Stevenson | ||
| 942 |
_2ddc _cFIC. _n0 |
||
| 999 |
_c9210 _d9210 |
||